Punto y línea sobre el plano. Contribución al análisis de los elementos pictóricos

Salvato in:
Dettagli Bibliografici
Autore principale: Kandinsky, Wassily, 1866-1944 Kandinski, Vasili Vasílievich (autor)
Natura: Libro
Lingua:spagnolo
Pubblicazione: Barcelona, España Paidós, 1996.
Edizione:1ª edición.
Serie:Paidós Estética ;
Soggetti:
Accesso online:Disponible Online
Tags: Aggiungi Tag
Nessun Tag, puoi essere il primo ad aggiungerne!!

MARC

LEADER 00000cam a2200000 a 4500
001 UCL2360
003 CL-VaPUC
005 20250321101905.0
008 031017e19960000SP |||||||||||||||||spa|d
999 |c 305699  |d 305697 
020 |a 8449303141 
020 |a 9789501250251 
020 |a 978-84-493-0314-2 
040 |c Pontificia Universidad Católica de Valparaíso 
082 0 4 |a 701.8 KAN 1996   |2 21 
100 |a Kandinsky, Wassily,  |d 1866-1944  |q Kandinski, Vasili Vasílievich   |e autor  |9 595855 
245 1 0 |a Punto y línea sobre el plano.  |b Contribución al análisis de los elementos pictóricos 
250 |a 1ª edición. 
260 |a Barcelona, España   |b Paidós,   |c 1996. 
300 |a 159 páginas ;  |b ilustraciones. 
490 0 |a Paidós Estética ;  |n  25. 
500 |a c.3-c.9 Instituto Arcos 8-1-2025. 
583 |a last modification  |c 20130730 07:00:07  |k Rodrigo Vera 
650 0 |a Arte abstracto   |2 CL-VaPUC  |9 265105 
650 0 |a Estética   |9 264950 
856 |u https://bibliografiadigital.pucv.cl/index.php/bibliotecapucv/catalog/book/59  |y Disponible Online 
942 |c BK  |2 ddc  |n 0 
945 |d 20031017 00:00:00  |a cmena 
952 |0 0  |1 0  |4 0  |6 701_800000000000000_KAN_1996_1996  |7 0  |8 A  |9 369963  |a BIBARQ  |b BIBARQ  |d 2019-11-21  |i 3954862  |l 10  |m 1  |o 701.8 KAN 1996 1996  |p 3954862  |r 2025-03-31  |s 2025-03-31  |w 2019-11-21  |y BK  |k ARQ 
952 |0 0  |1 0  |2 ddc  |4 0  |6 701_800000000000000_KAN_1996_1996  |7 0  |8 R  |9 369964  |a BIBART  |b BIBART  |d 2019-11-21  |i 4994183  |l 4  |m 1  |o 701.8 KAN 1996 1996  |p 4994183  |r 2025-03-13  |s 2024-10-08  |w 2019-11-21  |y BK_R  |k ART 
952 |0 0  |1 0  |2 ddc  |4 0  |6 701_800000000000000_KAN_1996  |7 0  |8 A  |9 600075  |a BIBINC  |b BIBINC  |d 2025-01-28  |e Instituto Arcos  |i 5664986  |l 2  |o 701.8 KAN 1996  |p 5664986  |q 2025-05-16  |r 2025-04-16  |s 2025-04-16  |t 3  |w 2025-01-28  |y BK  |k IFP 
952 |0 0  |1 0  |2 ddc  |4 0  |6 701_800000000000000_KAN_1996  |7 0  |8 A  |9 600077  |a BIBINC  |b BIBINC  |d 2025-01-28  |e Instituto Arcos  |i 5664987  |l 1  |m 2  |o 701.8 KAN 1996  |p 5664987  |r 2025-04-25  |s 2025-03-24  |t 4  |w 2025-01-28  |y BK  |k IFP 
952 |0 0  |1 0  |2 ddc  |4 0  |6 701_800000000000000_KAN_1996  |7 0  |8 A  |9 600078  |a BIBINC  |b BIBINC  |d 2025-01-28  |e Instituto Arcos  |i 5664988  |l 1  |o 701.8 KAN 1996  |p 5664988  |q 2025-05-01  |r 2025-04-24  |s 2025-04-24  |t 5  |w 2025-01-28  |y BK  |k IFP 
952 |0 0  |1 0  |2 ddc  |4 0  |6 701_800000000000000_KAN_1996  |7 0  |8 A  |9 600079  |a BIBINC  |b BIBINC  |d 2025-01-28  |e Instituto Arcos  |i 5664989  |o 701.8 KAN 1996  |p 5664989  |r 2025-01-28  |t 6  |w 2025-01-28  |y BK  |k IFP 
952 |0 0  |1 0  |2 ddc  |4 0  |6 701_800000000000000_KAN_1996  |7 0  |8 A  |9 600080  |a BIBINC  |b BIBINC  |d 2025-01-28  |e Instituto Arcos  |i 5664990  |o 701.8 KAN 1996  |p 5664990  |r 2025-01-28  |t 7  |w 2025-01-28  |y BK  |k IFP 
952 |0 0  |1 0  |2 ddc  |4 0  |6 701_800000000000000_KAN_1996  |7 0  |8 A  |9 600081  |a BIBINC  |b BIBINC  |d 2025-01-28  |e Instituto Arcos  |i 5664991  |o 701.8 KAN 1996  |p 5664991  |r 2025-01-28  |t 8  |w 2025-01-28  |y BK  |k IFP 
952 |0 0  |1 0  |2 ddc  |4 0  |6 701_800000000000000_KAN_1996  |7 0  |8 A  |9 600082  |a BIBINC  |b BIBINC  |d 2025-01-28  |e Instituto Arcos  |i 5664992  |o 701.8 KAN 1996  |p 5664992  |r 2025-01-28  |t 9  |w 2025-01-28  |y BK  |k IFP